Krankheiten auf Latein - Statistiken

Allgemein
  • Dieses Quiz wurde 100 mal gespielt
  • Das Durchschnittsergebnis liegt bei 5 aus 17
Antwortstatistiken
Latein Deutsch % Korrekt
Pneumonitis Lungenentzündung
70%
Meningitis Hirnhautentzündung
61%
Myocarditis Herzmuskelentzündung
59%
Hepatitis Leberentzündung
56%
Gastritis Magenschleimhautentzündung
56%
Rabies Tollwut
43%
Cystitis Blasenentzündung
38%
Psoriasis Schuppenflechte
35%
Hydrocephalus Wasserkopf
29%
Cholecystitis Gallenblasenentzündung
21%
Osteoporosis Osteoporose
18%
Osteogenesis imperfecta Glas Knochen Krankheit
13%
Urticaria Nesselsucht
13%
Rhabdomyolysis Muskelzerfall
4%
Polyarteritis nodosa Gefäßentzündung
1%
Keratoconus Hornhautverkrümmung
1%
Brachycephaly Verkürzung des Schädels
0%
Keine übereinstimmenden Quizze gefunden
Verteilung der Resultate
Anzahl Personen mit jedem Resultat
Perzentil nach korrekt beantworteten Fragen
Ihre Resultats-Entwicklung
Sie haben dieses Quiz noch nicht gespielt